Impacto de la educación financiera de los empresarios en la boquilla: : (Registro nro. 49111)

Detalles MARC
000 -LEADER
fixed length control field 02946nam a2200289 i 4500
005 - DATE AND TIME OF LATEST TRANSACTION
control field 20250707152620.0
007 - PHYSICAL DESCRIPTION FIXED FIELD--GENERAL INFORMATION
fixed length control field ta
008 - FIXED-LENGTH DATA ELEMENTS--GENERAL INFORMATION
fixed length control field 200622s2025 000 0 eng d
040 ## - CATALOGING SOURCE
Original cataloging agency CO-CtgCURN
Language of cataloging spa
Transcribing agency coctgcurn
Description conventions rda
082 0# - DEWEY DECIMAL CLASSIFICATION NUMBER
Classification number COP 2025
Item number L961
100 1# - MAIN ENTRY--PERSONAL NAME
Personal name Luna Puello, Lina Paola,
Relator term author.
Relationship aut
245 10 - TITLE STATEMENT
Title Impacto de la educación financiera de los empresarios en la boquilla: :
Remainder of title Estrategias para el empoderamiento económico /
Statement of responsibility, etc. Lina Paola Luna Puello; Danilo Enrique Herrera Barrios; Nayelis Suarez Diaz; Director:Hernando Aguirre Ucros.
260 ## - PUBLICATION, DISTRIBUTION, ETC.
Place of publication, distribution, etc. Cartagena de Indias :
Name of publisher, distributor, etc. Corporación Universitaria Rafael Núñez,
Date of publication, distribution, etc. 2025.
300 ## - PHYSICAL DESCRIPTION
Extent 14 hojas.
336 ## - CONTENT TYPE
Content type term text
Content type code txt
Source rdacontent
337 ## - MEDIA TYPE
Media type term unmediated
Media type code n
Source rdamedia
338 ## - CARRIER TYPE
Carrier type term volume
Carrier type code nc
Source rdacarrier
502 ## - DISSERTATION NOTE
Dissertation note Trabajo de grado (Contador público). Corporación Universitaria Rafael Núñez. Facultad de Ciencias Administrativas y Contables. Programa de Contaduría Pública, 2025.
520 8# - SUMMARY, ETC.
Summary, etc. "En la actualidad, la educación financiera es fundamental, especialmente para los empresarios de La Boquilla, un pueblo pequeño pero próspero en Colombia. La educación financiera tiene un gran impacto en los empresarios de esta región porque les da las herramientas necesarias para administrar de manera efectiva sus finanzas y tomar decisiones financieras informadas. Una de las principales ventajas para los empresarios de La Boquilla es el empoderamiento económico que les brinda. Los empresarios pueden tomar decisiones financieras más acertadas y planificar de manera más efectiva el crecimiento de sus negocios al adquirir conocimientos sólidos sobre temas como la gestión de ingresos y gastos, el ahorro, la inversión y el manejo del crédito. Además, la educación financiera les ayuda a acceder a recursos que les permitan expandir sus operaciones y mejorar su posición en el mercado y mejorar su comprensión del funcionamiento del sistema financiero. El impacto de la educación financiera en la rentabilidad de las empresas es otro factor importante. Los empresarios que tienen habilidades financieras sólidas pueden encontrar oportunidades para aumentar sus ingresos, reducir costos innecesarios y maximizar sus ganancias. La educación financiera les permite evaluar de manera más precisa la viabilidad de nuevos proyectos o la expansión de sus negocios, reduciendo los riesgos de pérdida y aumentando las posibilidades de éxito.."
650 #0 - SUBJECT ADDED ENTRY--TOPICAL TERM
Topical term or geographic name entry element Contaduría pública
General subdivision Tesis y disertaciones académicas.
700 1# - ADDED ENTRY--PERSONAL NAME
Personal name Herrera Barrios, Danilo Enrique.
700 1# - ADDED ENTRY--PERSONAL NAME
Personal name Suarez Diaz, Nayelis.
700 1# - ADDED ENTRY--PERSONAL NAME
Personal name Aguirre Ucros, Hernando,
Relator term director.
856 7# - ELECTRONIC LOCATION AND ACCESS
Uniform Resource Identifier <a href="https://unicurn.sharepoint.com/:b:/s/biblioteca/ERhshp4iZShOhyxM2b-Rki8B4eeN9utyzTQEE78T4Fmj9A?e=eQ3vhe">https://unicurn.sharepoint.com/:b:/s/biblioteca/ERhshp4iZShOhyxM2b-Rki8B4eeN9utyzTQEE78T4Fmj9A?e=eQ3vhe</a>
Public note Click para ver el recurso en texto completo
942 ## - ADDED ENTRY ELEMENTS (KOHA)
Source of classification or shelving scheme Dewey Decimal Classification
Institution code [OBSOLETE] MHC
-- MHC
Koha item type Trabajos de grado
Classification part COP 2025
Item part L961
Existencias
Withdrawn status Lost status Source of classification or shelving scheme Damaged status Not for loan Collection Home library Current library Shelving location Date acquired Total checkouts Full call number Barcode Date last seen Price effective from Koha item type
    Dewey Decimal Classification     Trabajos de grado Miguel Henríquez Castañeda Miguel Henríquez Castañeda Trabajo de grado 07/07/2025   COP 2025 L961 025598 07/07/2025 07/07/2025 Trabajos de grado